| 000 | 00835nam a2200205 i 4500 | ||
|---|---|---|---|
| 001 | 46911 | ||
| 003 | ES-MaACL | ||
| 005 | 20230906161453.0 | ||
| 007 | t| | ||
| 008 | 030402s1845 fr ||||1| fre d | ||
| 080 | _a821.133.1(494)-31"17" | ||
| 100 | 1 |
_aConstant, Benjamin. _940242 |
|
| 245 | 1 | 0 |
_aAdolphe _b: anecdote trouvée dans les papiers d'un inconnu / _cpar Benjamin Constant. |
| 250 | _aNouve. éd. / suivie des ouvrages du même écrivain, Quelques réflexions sur le théâtre allemand et sur la tragédie de Wallstein, et De l'Esprit de conquête et de l'usurpation. | ||
| 260 |
_aParis : _bCharpentier, _c1845. |
||
| 300 |
_a389 p. ; _c17 cm. |
||
| 530 | _aDisponible en formato digital. | ||
| 852 |
_aES-MaACL _jD-1021 |
||
| 856 |
_uhttp://bdh-rd.bne.es/viewer.vm?id=0000120685&page=1 _zBiblioteca Digital Hispánica |
||
| 999 |
_c46911 _d46911 |
||